大肠包小肠-完全被同级行政区包围的亚洲一级行政区划 - Statistics

General Stats
  • This quiz has been taken 11 times
  • The average score is 10 of 21
Answer Stats
所属大州 所属国家 包围它的行政区 在此作答 % Correct
东亚东南亚 蒙古 中央省 乌兰巴托市
100%
西亚 叙利亚 大马士革省 大马士革市
91%
中亚 哈萨克斯坦 阿拉木图州 阿拉木图市
91%
中亚 乌兹别克斯坦 塔什干州 塔什干
91%
东亚东南亚 柬埔寨 甘丹省 金边省
82%
东亚东南亚 马来西亚 雪兰莪州 吉隆坡联邦直辖区
82%
中亚 哈萨克斯坦 阿克莫拉州 阿斯塔纳市
82%
东亚东南亚 韩国 全罗南道 光州广域市
73%
中亚 塔吉克斯坦 国家直辖地区 杜尚别市
73%
中亚 土库曼斯坦 阿哈尔州 阿什哈巴德
73%
中亚 吉尔吉斯斯坦 楚河州 比什凯克市
64%
中亚 吉尔吉斯斯坦 奥什州 奥什市
45%
东亚东南亚 马来西亚 雪兰莪州 布城联邦直辖区
36%
中亚 哈萨克斯坦 克孜勒奥尔达州 拜科努尔市
18%
西亚 阿塞拜疆 耶夫拉赫区 耶夫拉赫市
9%
西亚 阿塞拜疆 舍基区 舍基市
9%
中亚 哈萨克斯坦 突厥斯坦州 奇姆肯特市
9%
东亚东南亚 蒙古 色楞格省 达尔汉乌拉省
0%
西亚 阿塞拜疆 戈兰博伊区 纳夫塔兰市
0%
西亚 阿塞拜疆 霍贾雷区 汉肯德市
0%
西亚 阿塞拜疆 耶夫拉赫区 明盖切维尔市
0%
No matching quizzes found
Score Distribution
Percent of People with Each Score
Percentile by Number Answered
Your Score History
You have not taken this quiz